Города Тульской области - Statistics

General Stats
  • This quiz has been taken 83 times
  • The average score is 11 of 19
Answer Stats
Население Город % Correct
461 692 Тула
100%
119 697 Новомосковск
94%
60 842 Алексин
78%
36 545 Ефремов
67%
49 427 Узловая
65%
55 109 Щёкино
63%
12 668 Венёв
63%
63 837 Донской
61%
12 746 Белёв
61%
15 269 Ясногорск
54%
935 Чекалин
54%
25 560 Киреевск
52%
29 560 Богородицк
50%
17 598 Суворов
50%
26 475 Кимовск
48%
16 893 Плавск
46%
7889 Советск
33%
9339 Болохово
30%
8325 Липки
24%
No matching quizzes found
Score Distribution
Percent of People with Each Score
Percentile by Number Answered
Your Score History
You have not taken this quiz